| 000 | 00445nam a2200193Ia 4500 | ||
|---|---|---|---|
| 003 | OSt | ||
| 005 | 20221019100925.0 | ||
| 008 | 210210b1969 xxu||||| |||| 00| 0 eng d | ||
| 040 | _cAL | ||
| 041 | _aEnglish | ||
| 082 | _a194 DECF | ||
| 100 |
_aDE CHARDIN (Teilhard). _959931 |
||
| 245 | _aFuture of man | ||
| 260 |
_aLondon _bFountana Books _c1969 |
||
| 300 | _axi,332 | ||
| 690 |
_aPhilosophy _959932 |
||
| 906 | _a027650 | ||
| 942 |
_2ddc _cBK |
||
| 999 |
_c78932 _d78932 |
||